Central Library OPAC University of Rajshahi

The Luck of Udaipur/ (Record no. 82604)

MARC details
000 -LEADER
fixed length control field 00455nam a22001817a 4500
003 - CONTROL NUMBER IDENTIFIER
rucl marc code BD-RjUL
005 - DATE AND TIME OF LATEST TRANSACTION
control field 20240114125108.0
008 - FIXED-LENGTH DATA ELEMENTS--GENERAL INFORMATION
fixed length control field 240114b1925 |||||||| |||| 00| 0 eng d
035 ## - SYSTEM CONTROL NUMBER
System control number (BD-RjUL)
040 ## - CATALOGING SOURCE
Transcribing agency BD-RjUL
Modifying agency BD-RjUL
Original cataloging agency BD-RjUL
Language of cataloging eng
041 ## - LANGUAGE CODE
Language code of text/sound track or separate title eng
082 ## - DEWEY DECIMAL CLASSIFICATION NUMBER
Classification number 823
Author mark and year EML 1925
100 ## - MAIN ENTRY--PERSONAL NAME
Personal name J. Inman Emery
9 (RLIN) 10814
245 ## - TITLE STATEMENT
Title The Luck of Udaipur/
Remainder of title by J. Inman Emery
300 ## - PHYSICAL DESCRIPTION
Pagination 324p;
Size 18cm.
650 ## - SUBJECT ADDED ENTRY--TOPICAL TERM
Source of heading or term Literature.
942 ## - ADDED ENTRY ELEMENTS (KOHA)
Source of classification or shelving scheme Dewey Decimal Classification
Koha item type Books
Holdings
Lost status Source of classification or shelving scheme Damaged status Not for loan Collection code Permanent Location Current Location Shelving location Date acquired Total Checkouts Full call number Date last seen Copy number Koha item type
  Dewey Decimal Classification   Not For Loan Non-fiction Central Library, University of Rajshahi Central Library, University of Rajshahi Reading Room 14/01/2024   823 EML 1925 14/01/2024 C-1 Books